| 000 | 00631nam a2200133Ia 4500 | ||
|---|---|---|---|
| 008 | 171212s9999 xx 000 0 und d | ||
| 020 | _a9780833079015 | ||
| 100 | _aKavanagh, Jennifer | ||
| 245 |
_cKavanagh, Jennifer _aAre U.S. Military Interventions Contagious over Time? _bIntervention Timing and Its Implications for Force Planning |
||
| 260 |
_bRAND Corporation _c2013 |
||
| 650 | _aHistory | ||
| 650 | _aMilitary planning -- United States; Intervention (International law); United States -- Military policy -- Case studies; Intervention (International law) -- Case studies | ||
| 856 | _uwww.jstor.org/stable/10.7249/j.ctt3fh19w | ||
| 999 |
_c351745 _d351745 |
||